00317nam a2200121Ia 4500008004100000041000800041082001600049100001900065245004500084260004400129300001500173365000700188240624s9999 xx 000 0 und d aeng a006.312 SEI aSEIDMAN CLAUDE aDATA MINING WITH MICROSOFT SQL SERVER 20 c2001aNew DelhibPrentice-Hall of India axiv, : 367 cRS